header

Rape, incest, battery (Record no. 21033)

MARC details
000 -LEADER
fixed length control field 01370nam a2200337 a 4500
082 04 - DEWEY DECIMAL CLASSIFICATION NUMBER
Classification number 810.8/0355
245 00 - TITLE STATEMENT
Title Rape, incest, battery
260 ## - PUBLICATION, DISTRIBUTION, ETC. (IMPRINT)
Place of publication Fort Worth, Tex. :
Name of publisher TCU Press,
Year of publication c2000.
300 ## - PHYSICAL DESCRIPTION
Number of Pages xxv, 321 p.
650 #0 - SUBJECT ADDED ENTRY--TOPICAL TERM
Topical Term Sexual abuse victims' writings, American.
Topical Term Sexual abuse victims
Topical Term American literature
Topical Term Abused women
Topical Term American literature
700 1# - ADDED ENTRY--PERSONAL NAME
Personal name Harris, Miriam Kalman,
856 40 - ELECTRONIC LOCATION AND ACCESS
Uniform Resource Identifier http://site.ebrary.com/lib/rucke/Doc?id=5006029

No items available.

© 2026 Rongo University
Contact us: librarian | system librarian | Rongo university